Normal view
MARC view
Entry Término temático
001 - NÚMERO DE CONTROL
- campo de control: 156980
003 - IDENTIFICADOR DEL NÚMERO DE CONTROL
- campo de control: CHAP
005 - FECHA Y HORA DE LA ÚLTIMA TRANSACCIÓN
- campo de control: 20250116125649.0
008 - DATOS DE LONGITUD FIJA
- campo de control de longitud fija: 220127|| aca||aabn | a|a d
040 ## - FUENTE DE LA CATALOGACIÓN
- Centro catalogador/agencia de origen: mxchpua
- Centro/agencia transcriptor: CHAP
150 ## - ENCABEZAMIENTO--TÉRMINO DE MATERIA
- Término de materia o nombre geográfico como elemento de entrada: Industria de productos hortícolas
- Subdivisión geográfica: México
670 ## - FUENTE DE DATOS ENCONTRADOS
- Cita de la fuente: Work cat.: (OSt)175693: Aguilar Tlatelpa, Adai 2862, Proyecto de factibilidad técnico-económico para la instalación y puesta en marcha de una empacadora para dos productos hortofrutícolas en Atlixco, Puebla /, 2012
